000 01135nam a2200265Ia 4500
003 OSt
005 20221005111616.0
006 a|||||r|||| 00| 0
007 ta
008 221004b |||||||| |||| 00| 0 hin d
020 _a9788176753210
_c595
024 _a16000
037 _b247, 05/02/2015, Eastern Book Linkers
_cTextual
040 _aCRL
_cCRL
_bhin
041 _2hin
_ahin
082 _aO44(Y5927),6x, Q1
100 _aदीपक कुमार, संपा.
245 0 _aहाशिये का वृत्तांत
_b स्त्री, दलित और आदिवासी समाज का वैकल्पिक इतिहास
246 _aHāshiye kā vṛuttāanta: strī, dalit aur ādivāsī samāj kā vaikalpik itihāsa
260 _aपंचकूला
_bआधार प्रकाशन भारत
_c2011
300 _a444पृ0
_ccm.
650 _aहिन्दी साहित्य
942 _hO44(Y5927),6x, Q1
_cTEXL
_2cc
999 _c1022333
_d1022333